000 00583nam a22002057a 4500
003 OSt
005 20260204063823.0
008 260204b |||||||| |||| 00| 0 eng d
020 _a978-0-540-08791-4
040 _aDWCL-Main Lib
_cOC
082 _aGR. 520 M824 2005
100 _aMoore, Sir Patrick
245 _aPhilip's Atlas of the Universe
260 _aLondon :
_bOctopus Publishing Group,
_cc2005
300 _a288 p.
504 _aIncludes bibliographical references and index.
650 _aAstronomy - Popular works
650 _aAstronomy.
942 _2ddc
_cGR
_mGR.
_n0
999 _c8261
_d8261